| 000 | 00459nam a2200169Ia 4500 | ||
|---|---|---|---|
| 008 | 221030s9999 xx 000 0 und d | ||
| 020 | _a8121908744 | ||
| 041 | _aEnglish | ||
| 082 |
_a105.23 _bPin |
||
| 100 | _aM. A. Pink | ||
| 245 | 0 |
_aEnglish Grammar composition & Effective Business communication _cby M. A. Pink, S. E. Thomas |
|
| 260 |
_bS.Chand & Co. _aNew Delhi _c2001 |
||
| 300 | _a408 | ||
| 650 | _aEnglish | ||
| 700 | _aS. E. Thomas | ||
| 942 | _cBK | ||
| 999 |
_c3162 _d3162 |
||